[Event "FSGM March"]
[Site "Budapest HUN"]
[Date "2009.03.11"]
[Round "5"]
[White "Duong The Anh"]
[Black "Kjartansson,G"]
[Result "1-0"]
[WhiteElo "2418"]
[BlackElo "2365"]

1.d4 Nf6 2.Bg5 e6 3.e4 h6 4.Bxf6 Qxf6 5.Nc3 d6 6.Qd2 g5 7.Bc4 Nc6 8.Nge2 Bg7
9.Rd1 Bd7 10.O-O O-O-O 11.Nb5 a6 12.Na3 g4 13.f4 h5 14.b4 Na7 15.Rb1 d5 16.e5 Qe7
17.Bd3 f6 18.Qe3 Kb8 19.c3 fxe5 20.dxe5 Ka8 21.Nc2 Rc8 22.Ncd4 c5 23.bxc5 Rxc5
24.Kh1 h4 25.Rb2 g3 26.Rfb1 Rc7 27.hxg3 hxg3+ 28.Kg1 Nc6 29.Qxg3 Nxd4 30.cxd4 Bc8
31.Rb3 Bf8 32.Qe1 Qd8 33.Rb6 Rc5 34.Bxa6 bxa6 35.Rb8+ Ka7 36.R1b7+ Bxb7 37.Rxd8 Rc2
38.Rd7 Ba3 39.Qa5  1-0

[Event "10th EICC"]
[Site "Budva MNE"]
[Date "2009.03.11"]
[Round "6"]
[White "Berkes,F"]
[Black "Halkias,S"]
[Result "1/2-1/2"]
[WhiteElo "2651"]
[BlackElo "2578"]

1.d4 Nf6 2.Bg5 e6 3.e4 h6 4.Bxf6 Qxf6 5.Nc3 d6 6.Qd2 a6 7.f4 Nd7 8.Nf3 g6
9.Bd3 Bg7 10.O-O O-O 11.f5  1/2-1/2

[Event "10th EICC"]
[Site "Budva MNE"]
[Date "2009.03.14"]
[Round "8"]
[White "Pankov,Ger"]
[Black "Lenic,L"]
[Result "0-1"]
[WhiteElo "2392"]
[BlackElo "2548"]

1.d4 Nf6 2.Bg5 e6 3.Nd2 d5 4.e3 c5 5.c3 Qb6 6.Bxf6 gxf6 7.Qb3 Nc6 8.Ngf3 Bd7
9.Rc1 Qxb3 10.axb3 cxd4 11.Nxd4 Nxd4 12.exd4 Bh6 13.Rd1 Ke7 14.g3 a5 15.f4 a4
16.bxa4 Bxa4 17.Rc1 Bc6 18.Bd3 Ra2 19.Rb1 e5 20.fxe5 fxe5 21.dxe5 d4 22.Ne4 Ra5
23.Kd1 dxc3 24.Re1 cxb2 25.Nc3 Bc1 26.Kc2 Ba4+ 27.Nxa4 Rxa4 28.Rf1 Ra3 29.Be4  0-1

[Event "10th EICC w"]
[Site "St Petersburg RUS"]
[Date "2009.03.17"]
[Round "9"]
[White "Sorokina,A RUS"]
[Black "Peng Zhaoqin"]
[Result "0-1"]
[WhiteElo "2087"]
[BlackElo "2461"]

1.d4 Nf6 2.Bg5 e6 3.Nd2 d5 4.e3 c5 5.c3 Qb6 6.Qb3 Be7 7.Ngf3 Nc6 8.Be2 h6
9.Bh4 Bd7 10.Ne5 Na5 11.Qxb6 axb6 12.Nxd7 Nxd7 13.Bg3 O-O 14.O-O Rfc8 15.Bd3 f5
16.Rfe1 c4 17.Bc2 b5 18.f3 Rf8 19.e4 f4 20.Bf2 Nc6 21.a3 Nb6 22.Nf1 Na4 23.Rab1 g5
24.Re2 Rf7 25.Be1 Bf6 26.Kh1 Nb6 27.Bf2 Kg7 28.Nd2 Na4 29.g3 Be7 30.Be1 Bd6
31.Kg2 Raf8 32.Rf2 Bb8 33.Nf1 Nb6 34.b3 Bc7 35.Nd2 Ra8 36.bxc4 bxc4 37.a4 Bd8
38.Rb5 Ra6 39.Re2 Na7 40.Rb4 Be7 41.Rb1 Nc6 42.Rb5 Bd6 43.exd5 exd5 44.Re6 Rf6
45.Re2 Na7 46.Rb2 Nxa4 47.Rxb7+ Rf7 48.Rxf7+ Kxf7 49.Nb1 Kf6 50.Bd2 Nc6 51.gxf4 Bxf4
52.Bxf4 gxf4 53.Kh3 Nb2 54.Kg4 Nd3 55.Rd2 Ra1 56.Kh5 Ne7 57.Rd1 Nf5 58.Nd2 Ra2
59.Bxd3 cxd3 60.Nf1 Rg2  0-1

[Event "3rd Georgi Agzamov Mem"]
[Site "Tashkent AZE"]
[Date "2009.03.18"]
[Round "3"]
[White "Turaev,Hal"]
[Black "Kuzubov,Y"]
[Result "0-1"]
[WhiteElo "2334"]
[BlackElo "2626"]

1.d4 Nf6 2.Bg5 e6 3.e4 h6 4.Bxf6 Qxf6 5.Nf3 d5 6.Nbd2 Bd7 7.Bd3 Nc6 8.e5 Qe7
9.c3 g5 10.b4 g4 11.Ng1 h5 12.Nb3 Qg5 13.Qd2 Qxd2+ 14.Kxd2 f6 15.exf6 Bh6+
16.Kc2 O-O 17.Nc5 Bc8 18.Bb5 Rxf6 19.Nd3 Bd7 20.Bxc6 Bxc6 21.f3 a5 22.h3 axb4
23.Nxb4 Ba4+ 24.Kb2 g3 25.Ne2 h4 26.Nc1 b6 27.Nbd3 Rc8 28.Nb3 Bf8 29.Rhe1 c5
30.Ne5 Bg7 31.Re2 Kh7 32.Rae1 Rff8 33.Kb1 Rc7 34.Rb2 Rfc8 35.dxc5 bxc5 36.Nd2 Be8
37.Rb6 Ra7 38.Nb3 Bxe5 39.Rxe5 Bg6+ 40.Kb2 Rca8 41.Nc1 Bf5 42.c4 dxc4 43.Rxc5 Rd8
44.Rxc4 Rd2+ 45.Kb3 Rxg2 46.Rxh4+ Kg7 47.Rbb4 Rd2 48.Rhg4+ Bxg4 49.Rxg4+ Kf6
50.Rxg3 Rc7 51.Rg1 Rdc2  0-1

[Event "Copa Ajedrez Plus"]
[Site "Ramos Mejia ARG"]
[Date "2009.03.19"]
[Round "8"]
[White "Rodriguez Vila,A"]
[Black "Barrionuevo,P"]
[Result "1-0"]
[WhiteElo "2524"]
[BlackElo "2327"]

1.d4 Nf6 2.Bg5 e6 3.e4 c5 4.Nf3 cxd4 5.Nbd2 Nc6 6.e5 h6 7.Bh4 g5 8.Bg3 Nh5
9.Bb5 Bg7 10.Bxc6 bxc6 11.Nc4 O-O 12.Qxd4 d5 13.O-O-O Ba6 14.Ne3 f5 15.exf6 Nxg3
16.hxg3 Rxf6 17.Ng4 Rxf3 18.Nxh6+ Kf8 19.Qc5+ Qe7 20.Qxe7+ Kxe7 21.gxf3 Be2
22.Nf5+ Kf7 23.Nxg7 Kxg7 24.Rde1 Bxf3 25.Rhg1 Kf6 26.Re3 g4 27.Rge1 Re8 28.Re5 d4
29.Kd2 Bd5 30.Kd3 Rb8 31.b3 c5 32.Rh5 Rf8 33.Ree5 Ke7 34.Rxd5 exd5 35.Rxd5 Rxf2
36.Rxc5 Kd6 37.Ra5 Rf3+ 38.Kxd4 Rxg3 39.Ra6+ Kc7 40.Rxa7+ Kb6 41.Rg7 Rg2
42.c4 g3 43.a4 Rg1 44.Rg6+ Kb7 45.Kc5 g2 46.Rg7+ Kb8 47.b4  1-0

[Event "TOP 16 GpA"]
[Site "Clichy FRA"]
[Date "2009.03.20"]
[Round "1"]
[White "San Emeterio Cabanes,J"]
[Black "Housieaux,D"]
[Result "1/2-1/2"]
[WhiteElo "2392"]
[BlackElo "2419"]

1.d4 Nf6 2.Bg5 e6 3.Nf3 c5 4.e3 b6 5.Nbd2 Bb7 6.c3 Be7 7.Bd3 d6 8.Qe2 Nbd7
9.e4 Qc7 10.O-O h6 11.Bh4 Nh5 12.Bxe7 Kxe7 13.g3 Nhf6 14.Nh4 g5 15.Ng2 Rag8
16.f4 h5 17.e5 Ng4 18.exd6+ Qxd6 19.Be4 Bd5 20.f5 cxd4 21.cxd4 Ndf6 22.Bxd5 Qxd5
23.fxe6 fxe6 24.Nf3 Ne4 25.Rae1 Ngf6 26.Ne3 Qd6 27.d5 Nxd5 28.Nd4 Qc5 29.Qd3 Nd6
30.Nxd5+ Qxd5 31.Rxe6+ Kd7 32.Rff6 Nb7 33.Rf7+ Kc8 34.Qc3+ Nc5 35.b4 Rd8
36.bxc5 Qxd4+ 37.Qxd4 Rxd4 38.c6 Ra4 39.Ree7 Kb8 40.Rb7+ Ka8 41.Kf2 Rc8 42.Rbc7 Kb8
43.Rb7+ Ka8 44.Rbc7  1/2-1/2

[Event "TOP 16 GpA"]
[Site "Mulhouse FRA"]
[Date "2009.03.20"]
[Round "1"]
[White "Chabanon,JL"]
[Black "Derieux,C"]
[Result "1/2-1/2"]
[WhiteElo "2454"]
[BlackElo "2156"]

1.d4 Nf6 2.Bg5 e6 3.e4 h6 4.Bxf6 Qxf6 5.Nc3 d6 6.Qd2 g5 7.Bd3 Nc6 8.Nge2 Bd7
9.Nb5 Rc8 10.c3 a6 11.Na3 e5 12.Nc2 Bg7 13.d5 Ne7 14.Ng3 h5 15.Ne3 g4 16.Ngf5 Bxf5
17.Nxf5 Nxf5 18.exf5 O-O 19.Be4 c6 20.Rd1 Rfd8 21.Qe2 cxd5 22.Rxd5 Rc5 23.Qd3 b5
24.O-O Bf8 25.Rd1 Rdc8 26.a3 a5 27.g3 Qg5 28.Rxc5 Rxc5 29.b4 axb4 30.axb4 Rc4
31.Bd5 e4 32.Qc2 Rc7 33.Qxe4 Rxc3 34.Kg2 Rf3 35.Qe2 Rxf5 36.Qxb5 h4 37.Qc4 Bg7
38.Qc8+ Bf8 39.Qc4 Bg7 40.Be4 Re5 41.Rxd6 h3+ 42.Kf1 Qe7 43.Qc8+ Bf8 44.Qxg4+ Bg7
45.Qc8+ Bf8 46.Qg4+ Bg7 47.Qc8+ Bf8  1/2-1/2

[Event "10th EICC w t/b Bronze"]
[Site "St Petersburg RUS"]
[Date "2009.03.20"]
[Round "2.1"]
[White "Ovod,E"]
[Black "Lomineishvili,M"]
[Result "1-0"]
[WhiteElo "2430"]
[BlackElo "2437"]

1.d4 Nf6 2.Bg5 e6 3.e4 h6 4.Bxf6 Qxf6 5.Nc3 Bb4 6.a3 Bxc3+ 7.bxc3 d6 8.Bd3 e5
9.Ne2 Nc6 10.Qd2 g5 11.Qe3 Ne7 12.Rb1 Ng6 13.g3 h5 14.f3 h4 15.Rf1 hxg3 16.hxg3 Rh2
17.Kd2 Bh3 18.Rf2 Rxf2 19.Qxf2 O-O-O 20.Rh1 Bg4 21.Ke3 Bd7 22.f4 exf4+ 23.gxf4 Bg4
24.f5 Nh4 25.Kd2 Nf3+ 26.Kc1 d5 27.e5 Qe7 28.Kb2 Nd2 29.Rg1 Bxe2 30.Qxe2 Ne4
31.Bxe4 dxe4 32.Qxe4 c6 33.f6 Qc7 34.Rxg5 Qb6+ 35.Ka2 Qb5 36.Qd3 Qd5+ 37.c4 Qe6
38.Kb2 Rh8 39.d5 cxd5 40.cxd5 Qb6+ 41.Qb3 Qf2 42.Rg7 Kb8 43.Rxf7 Qd4+ 44.Qc3 Qxd5
45.Qc7+ Ka8 46.Rd7 Qb5+ 47.Ka2 a6 48.Rd8+ Rxd8 49.Qxd8+ Ka7 50.Qd4+ Ka8 51.f7  1-0

[Event "Open"]
[Site "Reykjavik ISL"]
[Date "2009.03.24"]
[Round "1"]
[White "Einarsson,EK"]
[Black "Shytaj,L"]
[Result "0-1"]
[WhiteElo "2065"]
[BlackElo "2453"]

1.d4 Nf6 2.Bg5 e6 3.e4 h6 4.Bxf6 Qxf6 5.Nc3 Bb4 6.Qd2 d6 7.a3 Ba5 8.Nf3 Nd7
9.Be2 c6 10.O-O Bc7 11.Rad1 O-O 12.d5 cxd5 13.exd5 e5 14.Bd3 a6 15.Ne4 Qd8
16.Ng3 Nc5 17.Bf5 Bxf5 18.Nxf5 Qf6 19.Ng3 b5 20.Qb4 Qg6 21.Nxe5 Qxc2 22.Nc6 Rfe8
23.Qg4 Qg6 24.Qxg6 fxg6 25.b4 Nd7 26.f3 Bb6+ 27.Kh1 Nf6 28.Rfe1 Bf2 29.Re6 Kf7
30.Rxf6+ gxf6 31.Ne4 Rxe4 32.fxe4 Bb6 33.g4 Re8 34.Re1 h5 35.gxh5 gxh5 36.Kg2 Rg8+
37.Kf3 h4 38.Re2 h3 39.Rc2 Rg1 40.Ra2 Rc1 41.a4 Bg1 42.a5 Rb1 43.Ra3 Bxh2
44.Kg4 Be5 45.Rxh3 Rg1+ 46.Kf3 Rf1+ 47.Ke3 Rb1 48.Rh7+ Kg6 49.Ra7 Rb3+ 50.Kd2 Kg5
51.Rxa6 Kf4 52.Rb6 Kxe4 53.a6 Ra3 54.Na5 Bc3+ 55.Kc2 Bxb4  0-1

[Event "Open"]
[Site "Reykjavik ISL"]
[Date "2009.03.24"]
[Round "1"]
[White "Thorfinnsson,Bj"]
[Black "Arnalds,S"]
[Result "1-0"]
[WhiteElo "2408"]
[BlackElo "1953"]

1.d4 Nf6 2.Bg5 e6 3.e4 h6 4.Bxf6 Qxf6 5.Nc3 Bb4 6.Nf3 c5 7.e5 Qe7 8.a3 cxd4
9.axb4 dxc3 10.bxc3 O-O 11.Nd4 a6 12.Be2 Nc6 13.Nxc6 dxc6 14.Qd4 c5 15.Qxc5 Qxc5
16.bxc5 Bd7 17.Bf3 Rab8 18.Rb1 Bb5 19.c4 Bxc4 20.Rxb7 Rbc8 21.c6 Bd5 22.Bxd5 exd5
23.Rb6 Rb8 24.Rxb8 Rxb8 25.Kd2 Rc8 26.Ra1 Rxc6 27.Ra5 Kf8 28.Rxd5 Ke7 29.Kd3 Ke6
30.Ra5 Kf5 31.c4 Rb6 32.Kc3 Ke4 33.f3+ Ke3 34.c5 Rg6 35.Ra2 Re6 36.Kc4 Kf4
37.Kd4 Rxe5 38.c6 Re8 39.c7 Rc8 40.Rc2 a5 41.Kd5 a4 42.Kd6 a3 43.Kd7 Ra8  1-0

[Event "Open"]
[Site "Reykjavik ISL"]
[Date "2009.03.26"]
[Round "3"]
[White "Kristjansson,St"]
[Black "Olafsson,Thorv"]
[Result "1-0"]
[WhiteElo "2472"]
[BlackElo "2182"]

1.d4 Nf6 2.Bg5 e6 3.e3 c5 4.c3 b6 5.Nf3 Bb7 6.Nbd2 Be7 7.Bd3 d6 8.O-O Nbd7
9.e4 e5 10.dxe5 dxe5 11.Bxf6 Bxf6 12.Qe2 O-O 13.Rfd1 Qe7 14.Ba6 Bc6 15.a4 Rfd8
16.Nc4 Nf8 17.Qc2 Rab8 18.Ne3 Ne6 19.Bb5 Bb7 20.Bc4 Nc7 21.h4 Rxd1+ 22.Rxd1 Rd8
23.Nf5 Qf8 24.Rxd8 Qxd8 25.g4 Ne6 26.g5 Be7 27.Nxe5 Bxg5 28.Bxe6 fxe6 29.Qb3 Kf8
30.Qxe6 Qd1+ 31.Kh2 Bf4+ 32.Kh3 Qf1+ 33.Kg4 Qe2+ 34.Kxf4 Qxf2+ 35.Kg4 Qg2+
36.Ng3  1-0

[Event "Open"]
[Site "Reykjavik ISL"]
[Date "2009.03.29"]
[Round "6"]
[White "Popovic,Milo2"]
[Black "Andersen,Mad"]
[Result "1-0"]
[WhiteElo "2400"]
[BlackElo "2190"]

1.d4 Nf6 2.Bg5 e6 3.e4 h6 4.Bxf6 Qxf6 5.Nf3 d6 6.Nc3 Nd7 7.Qd2 Qd8 8.h4 a6
9.O-O-O b5 10.e5 d5 11.Rh3 c5 12.dxc5 Nxc5 13.Qf4 b4 14.Ne2 Qc7 15.Kb1 Bb7
16.Nfd4 Be7 17.Qe3 O-O-O 18.Rc1 Kb8 19.c3 bxc3 20.Nxc3 Qb6 21.Qf4 Rhf8 22.Na4 Qa7
23.Nxc5 Bxc5 24.Nc6+ Bxc6 25.Rhc3 Bb6 26.Rxc6 Qb7 27.Qa4 Ka7 28.R1c3 Rb8
29.Rc7 Bxc7 30.Rxc7 Kb6 31.Rxb7+ Kxb7 32.Qxa6+ Kc7 33.Bb5  1-0

[Event "Genset Cup"]
[Site "Szombathely HUN"]
[Date "2009.03.29"]
[Round "4"]
[White "Stavrianakis,I"]
[Black "Csiszar,C"]
[Result "1/2-1/2"]
[WhiteElo "2214"]
[BlackElo "2450"]

1.d4 Nf6 2.Bg5 e6 3.c4 h6 4.Bh4 c5 5.d5 exd5 6.cxd5 d6 7.Nc3 Be7 8.Nf3 O-O
9.Bg3 a6 10.a4 Nh5 11.e4 Bg4 12.Be2 Bxf3 13.Bxf3 Nxg3 14.hxg3 Nd7 15.O-O Qa5
16.Be2 Bf6 17.Qc2 Bd4 18.Kh2 Rfe8 19.f4 Nf8 20.Bf3 Re7 21.Rfe1 Rae8 22.Re2 b5
23.Rae1 h5 24.axb5 axb5 25.Qd3 Rb8 26.e5 dxe5 27.fxe5 Nd7 28.e6 Nf6 29.d6 Rxe6
30.Rxe6 fxe6 31.Rxe6 Qa1 32.Nd1 Qc1 33.Qg6 Qh6 34.Qxh6 gxh6 35.Bc6 b4 36.Ne3 Bxe3
37.Rxf6 Kg7 38.Re6 Bg5 39.Bd5 Rb6 40.d7 Rxe6 41.Bxe6 Kf8 42.b3 Ke7 43.Bc4  1/2-1/2

[Event "Open"]
[Site "Reykjavik ISL"]
[Date "2009.03.30"]
[Round "7"]
[White "Thorfinnsson,Bj"]
[Black "Shytaj,L"]
[Result "0-1"]
[WhiteElo "2408"]
[BlackElo "2453"]

1.d4 Nf6 2.Bg5 e6 3.Nf3 Be7 4.e3 c5 5.Nbd2 O-O 6.Bd3 b6 7.Qe2 Bb7 8.e4 cxd4
9.e5 Ne8 10.h4 f5 11.Rg1 h6 12.g4 hxg5 13.gxf5 gxh4 14.f6 Bxf6 15.Ng5 Bxg5
16.Qh5 Bxd2+ 17.Kxd2 Rxf2+ 18.Ke1 Rf5 19.Bxf5 exf5 20.Rd1 Qe7 21.Rxd4 Qxe5+
22.Kf1 Nf6 23.Qg5 Ne4 24.Qd8+ Kf7  0-1

[Event "16th TCh-RUS Premier"]
[Site "Dagomys RUS"]
[Date "2009.04.04"]
[Round "1"]
[White "Ionov,S"]
[Black "Ivanchuk,V"]
[Result "1/2-1/2"]
[WhiteElo "2538"]
[BlackElo "2746"]

1.d4 Nf6 2.Bg5 e6 3.e3 b6 4.Nd2 Bb7 5.c3 h6 6.Bh4 d6 7.Bb5+ c6 8.Bd3 Be7
9.Bxf6 Bxf6 10.Ne4 Be7 11.f4 Nd7 12.Nf3 Qc7 13.Qe2 O-O 14.O-O Rad8 15.Rae1 c5
16.Nfd2 Rde8 17.a3 Bh4 18.Rd1 f5 19.Ng3 Bxg3 20.hxg3 Nf6 21.Rfe1 Qf7 22.Nf1 Qg6
23.Bc2 Bd5 24.dxc5 dxc5 25.Rd2 Re7 26.Red1 Rff7 27.Bb1 Kh7 28.Bc2 Rc7 29.c4 Be4
30.Ba4 Rfe7 31.Rd8 e5 32.Rf8 Qg4 33.Qxg4 fxg4 34.Rfd8 Bf5 35.Kh2 h5 36.R1d2 g6
37.Bc2 Bxc2 38.Rxc2 exf4 39.gxf4 Ne4 40.Rc1 Rcd7 41.Rd1 Rxd1 42.Rxd1 Kg7
43.Rd3 h4 44.g3 g5 45.Kg1 Kf7 46.fxg5 h3 47.Nh2 Kg6 48.Rd5 Nxg5 49.Nxg4 Re4
50.Rd6+ Kg7 51.Rd7+ Kf8 52.Nf6 Rxc4 53.Nh7+ Nxh7 54.Rxh7 a5 55.Rb7 Rc1+ 56.Kh2 Rc2+
57.Kxh3 Rxb2 58.Kg4 b5 59.Kf5 b4 60.axb4 cxb4 61.Ra7 Ra2 62.Kf6 Rf2+ 63.Ke6 Re2
64.Rxa5 Rxe3+ 65.Kd5 Rxg3 66.Kc4 Rg4+ 67.Kb3 Ke7  1/2-1/2

[Event "16th TCh-RUS Premier"]
[Site "Dagomys RUS"]
[Date "2009.04.06"]
[Round "3"]
[White "Pankov,Ger"]
[Black "Nepomniachtchi,I"]
[Result "1/2-1/2"]
[WhiteElo "2384"]
[BlackElo "2624"]

1.d4 Nf6 2.Bg5 e6 3.Nd2 h6 4.Bh4 c5 5.e3 d5 6.c3 Qb6 7.Qb3 Nc6 8.Ngf3 Nh5
9.Be2 g5 10.Ne5 Nxe5 11.dxe5 gxh4 12.Qxb6 axb6 13.Bxh5 Rg8 14.g4 hxg3 15.hxg3 b5
16.Ke2 Ke7 17.e4 Bd7 18.Rh4 Bg7 19.f4 f6 20.exf6+ Bxf6 21.Rg4 Rxg4 22.Bxg4 Rg8
23.Kf3 dxe4+ 24.Nxe4 Bc6 25.Re1 b4 26.cxb4 cxb4 27.Re2 Bd5 28.b3 Rc8 29.Ke3 Rg8
30.Kf3 Bd4 31.Bh3 h5 32.Kg2 h4 33.g4 Rf8 34.Kf3 Be5 35.f5 exf5 36.gxf5 Rg8
37.Rg2 Bg3 38.Rd2 Bc6 39.Ke3 Kf7 40.Bf1 b5 41.Rc2 Bxe4  1/2-1/2

[Event "Open"]
[Site "Las Palmas ESP"]
[Date "2009.04.10"]
[Round "7"]
[White "Martin Hernandez,R"]
[Black "Leon Manas,J"]
[Result "1-0"]
[WhiteElo "1924"]
[BlackElo "1724"]

1.d4 Nf6 2.Bg5 e6 3.e4 Be7 4.Bd3 c6 5.c3 Qb6 6.Qc2 d6 7.Nf3 Nbd7 8.e5 dxe5
9.dxe5 Ng4 10.Bf4 Nc5 11.Bc4 Ne4 12.O-O Ngxf2 13.Rxf2 Nxf2 14.Qxf2 Bc5 15.Nd4 O-O
16.b4 Bxd4 17.Qxd4 Qc7 18.Nd2 Rd8 19.Qe3 a5 20.Ne4 b5 21.Bb3 axb4 22.cxb4 Qa7
23.Nc5 Qa3 24.Bg5 Qb2 25.Rf1 Qd4 26.Qxd4 Rxd4 27.Rf4 Rxf4 28.Bxf4 h6 29.Kf2 Kh7
30.Ke3 g5 31.Bg3 Kg6 32.Kd4 Ra7 33.Ne4 h5 34.Nd6 Bd7 35.h4 g4 36.Kc5 Ra6
37.Ne4 Kf5 38.Nf6 Bc8 39.Bc2+  1-0

[Event "Open"]
[Site "Lenk SUI"]
[Date "2009.04.10"]
[Round "3"]
[White "Curien,N"]
[Black "Hollenstein,W"]
[Result "1-0"]
[WhiteElo "2233"]
[BlackElo "1917"]

1.d4 Nf6 2.Bg5 e6 3.e4 Be7 4.e5 Ng8 5.Be3 d5 6.Qg4 Kf8 7.Nd2 h5 8.Qf3 h4
9.g4 Bg5 10.Nh3 Bxe3 11.fxe3 Nd7 12.Nf4 Rh6 13.Bd3 Qg5 14.O-O-O c5 15.Rdf1 Nxe5
16.dxe5 Qxe5 17.Ng6+  1-0

[Event "11th European Senior Team"]
[Site "Velden AUT"]
[Date "2009.04.10"]
[Round "6"]
[White "Walther,D"]
[Black "Rooze,J"]
[Result "0-1"]
[WhiteElo "2173"]
[BlackElo "2283"]

1.d4 Nf6 2.Bg5 e6 3.e4 h6 4.Bxf6 Qxf6 5.Nf3 d6 6.Nc3 Nd7 7.Be2 a6 8.Qd2 Qd8
9.O-O Be7 10.Nd1 O-O 11.Ne3 c5 12.c3 b6 13.Ne1 Nf6 14.f3 Bb7 15.Rd1 Qc7 16.Kh1 Rac8
17.Bd3 Rfe8 18.Bb1 Bf8 19.Nd3 Red8 20.Nf2 b5 21.g4 cxd4 22.cxd4 g6 23.Kg2 Bg7
24.h4 Qe7 25.Rh1 h5 26.g5 Nd7 27.Rhe1 Nb6 28.b3 Qc7 29.Rc1 Qb8 30.Nh3 Rxc1
31.Rxc1 Rc8 32.Rxc8+ Nxc8 33.f4 Ne7 34.Ng1 Qa8 35.Qd3 Nf5 36.Nf3 Bxe4 37.Qxe4 Qxe4
38.Bxe4 Nxe3+ 39.Kf2 Nd1+ 40.Ke1 Nc3 41.Bb7 a5 42.a3 Kf8 43.b4 axb4 44.axb4 Na2
45.Bc6 Nxb4 46.Bxb5 Nd5 47.f5 exf5 48.Kd2 f6 49.gxf6 Bxf6 50.Bf1 Ke7 51.Kd3 Ke6
52.Kd2 Nc7 53.Bc4+ d5 54.Bb3 Kd6 55.Ba4 Ke7 56.Bc6 Ne6 57.Ke3 f4+ 58.Kd3 Nc7
59.Ba4 Kf7 60.Bd1 Kg7 61.Bb3 Kh6 62.Ke2 g5 63.hxg5+ Bxg5 64.Nxg5 Kxg5 65.Kf3 Nb5
66.Bxd5 Nxd4+ 67.Ke4 Nf5 68.Be6 Nd6+ 69.Kf3 Ne8 70.Bd5 Ng7 71.Bf7 Kf6 72.Bc4 Ke5
73.Bf7 Kf5 74.Bc4 Ne8 75.Bd5 Nf6 76.Bf7 Kg5 77.Be6 Ng4 78.Bd5 h4 79.Bb7 h3
80.Bd5 h2 81.Ke2 Kh4 82.Bh1 Kg3 83.Kf1 f3  0-1

[Event "11th European Senior Team"]
[Site "Velden AUT"]
[Date "2009.04.12"]
[Round "8"]
[White "Fritsch,J"]
[Black "Wernig,K"]
[Result "0-1"]
[WhiteElo "2011"]
[BlackElo "1961"]

1.d4 Nf6 2.Bg5 e6 3.Nf3 h6 4.Bxf6 Qxf6 5.c3 d6 6.e3 g6 7.Nbd2 Bg7 8.Ne4 Qe7
9.Bd3 f5 10.Ng3 e5 11.Bc2 e4 12.Nd2 d5 13.b4 Be6 14.a4 Nd7 15.Nb3 b6 16.Ne2 g5
17.g3 Bf7 18.Nec1 Nf6 19.Qd2 Bh5 20.h3 Bf3 21.Rh2 Qf7 22.Ne2 Qh5 23.Ng1 Bg4
24.Bd1 O-O 25.f4 Bxd1 26.Rxd1 Qe8 27.Ra1 g4 28.Qg2 gxh3 29.Rxh3 Ng4 30.Qe2 Qc6
31.Kd2 a6 32.Rh1 Qd6 33.Qf1 a5 34.bxa5 c5 35.axb6 Qxb6 36.Qb5 Qxb5 37.axb5 Rxa1
38.Nxa1 cxd4 39.exd4 Ra8 40.Nc2 Ra2 41.Rh5 Rb2 42.Rxf5 Rxc2+ 43.Kxc2 Ne3+
44.Kb3 Nxf5 45.Ne2 Bf8 46.c4 Nd6 47.cxd5 Nxb5 48.Kc2 Bb4 49.g4 Kf7 50.Kb3 Be1
51.Kc4 Nd6+ 52.Kc5 Ke7 53.Kc6 Bh4 54.Kc5 e3 55.Kc6 Ne4 56.d6+ Kd8 57.d7 Bf6
58.g5 hxg5 59.fxg5 Be5 60.g6 Nf6 61.Ng1 Nxd7 62.Nf3 e2 63.Kb5 Bf6 64.Kc4 Ne5+
65.Kb4 Nxg6 66.Kb3 Nf4 67.Kc2  0-1

[Event "V ch-South America U20"]
[Site "Cochabamba BOL"]
[Date "2009.04.13"]
[Round "9"]
[White "Mendoza,Ro"]
[Black "Gemy,J"]
[Result "1/2-1/2"]
[WhiteElo "1924"]
[BlackElo "2188"]

1.d4 Nf6 2.Bg5 e6 3.Nf3 c5 4.e3 h6 5.Bxf6 Qxf6 6.Bd3 b6 7.O-O Bb7 8.Nbd2 d6
9.Bb5+ Nc6 10.c4 a6 11.Ba4 O-O-O 12.a3 g5 13.Ne4 Qg6 14.Nc3 Bg7 15.d5 Ne7
16.Bc2 f5 17.Na4 Kc7 18.Rb1 exd5 19.b4 dxc4 20.Qe2 b5 21.bxc5 d5 22.Nb6 Kc6
23.a4 Kxc5 24.axb5 axb5 25.Na4+ Kc6 26.Rxb5 Kxb5 27.Rb1+ Kc6 28.Rb6+ Kc7
29.Rxg6 Nxg6 30.Bxf5 Ne7 31.Qc2 Ra8 32.h3 Rxa4 33.Qxa4 Nxf5 34.g4 Nd6 35.Qa5+ Kc6
36.Qa4+ Nb5 37.Qc2 Kc5 38.Nd2 Bc3 39.Nf3 Ra8 40.Qh7 Bc6 41.Qxh6 Bb2 42.h4 c3
43.Ne5 Ra6 44.Qf8+ Nd6 45.Nd3+ Kc4 46.Ne5+ Kc5 47.Nd3+ Kc4 48.Ne5+ Kc5 49.Nd3+  1/2-1/2

[Event "Sydney International Open"]
[Site "Parramatta AUS"]
[Date "2009.04.15"]
[Round "1"]
[White "Illingworth,M"]
[Black "Abbott,P"]
[Result "1-0"]
[WhiteElo "2243"]
[BlackElo "1893"]

1.d4 Nf6 2.Bg5 e6 3.e4 h6 4.Bxf6 Qxf6 5.Nc3 Bb4 6.Qd3 d5 7.e5 Qe7 8.a3 Ba5
9.O-O-O Nd7 10.f4 Bxc3 11.Qxc3 c5 12.dxc5 Nxc5 13.Nf3 g6 14.Nd4 Bd7 15.Be2 Ne4
16.Qe3 O-O-O 17.Bf3 Nc5 18.Kb1 Kb8 19.Rc1 Rc8 20.c4 dxc4 21.Rxc4 Na4 22.Qe4 Be8
23.Rxc8+ Kxc8 24.Rc1+ Kb8 25.Nb3 Nb6 26.Na5 Nd5 27.Qc4 Nb6 28.Qd4 Bd7 29.Nxb7 Rc8
30.Rxc8+ Bxc8 31.Nd6 Qc7 32.Nb5 Qd7 33.Qd6+ Qxd6 34.Nxd6 Bd7 35.Nxf7 h5 36.Be4  1-0

[Event "Sydney International Open"]
[Site "Parramatta AUS"]
[Date "2009.04.15"]
[Round "1"]
[White "Brockman,R"]
[Black "Amrutha,M"]
[Result "0-1"]
[WhiteElo "1764"]
[BlackElo "2155"]

1.d4 Nf6 2.Bg5 e6 3.e4 h6 4.Bxf6 Qxf6 5.c3 b6 6.Bd3 Bb7 7.Nd2 d6 8.Ngf3 Nd7
9.O-O g6 10.Re1 Bg7 11.Qa4 a6 12.Rad1 Qe7 13.e5 O-O 14.exd6 cxd6 15.Qc2 Nf6
16.Ne4 Nd5 17.h4 Nf4 18.Bf1 Rac8 19.g3 Nh5 20.Bg2 b5 21.a3 Bd5 22.Qd3 f5
23.Ned2 Qb7 24.Re2 Qf7 25.Ne1 f4 26.Bxd5 exd5 27.g4 f3 28.Qxf3 Nf4 29.Re3 Qf6
30.Ng2 g5 31.Nxf4 gxf4 32.Qxd5+ Kh8 33.Rh3 Qg6 34.Qf3 Rce8 35.Kh2 Qc2 36.Kg2 Re6
37.Nf1 Re2 38.g5 Qxd1  0-1

[Event "K41 Scandinavian Open"]
[Site "Copenhagen DEN"]
[Date "2009.04.25"]
[Round "10"]
[White "Thorfinnsson,Bj"]
[Black "Christensen,St"]
[Result "1-0"]
[WhiteElo "2422"]
[BlackElo "2313"]

1.d4 Nf6 2.Bg5 e6 3.e4 h6 4.Bxf6 Qxf6 5.Nc3 Bb4 6.Qd2 d5 7.e5 Qd8 8.f4 c5
9.a3 Qa5 10.Nge2 cxd4 11.Nxd4 Bxc3 12.bxc3 O-O 13.c4 Qxd2+ 14.Kxd2 dxc4 15.Bxc4 b6
16.f5 Rd8 17.Kc3 exf5 18.Rad1 Na6 19.Nc6 Rf8 20.Bd5 Kh7 21.Nd8 Rb8 22.Nxf7 Bb7
23.Ba2 Nc5 24.Rhg1 Rbc8 25.Nd6 Ne4+ 26.Kb2 Nxd6 27.Rxd6 Be4 28.Bb3 Rc7 29.g4 f4
30.Rd4 Bb7 31.g5 hxg5 32.Rxg5 g6 33.Bc4 Rxc4 34.Rxc4 f3 35.Rgg4 f2 36.Rgf4 f1=Q
37.Rxf1 Rxf1 38.Rc7+ Kh6 39.Rxb7 Re1 40.Rxa7 Rxe5 41.Ra6 Rb5+ 42.Kc1 Kg5
43.a4 Rb4 44.c3 Rh4 45.Kb2 Rxh2+ 46.Kb3 Kf4 47.Rxb6 g5 48.Rf6+ Ke3 49.Rg6 Kf4
50.a5 g4 51.a6 Rh1 52.Kb4 g3 53.c4 Kf3 54.c5 g2 55.c6 Rh4+ 56.Kb5 Rg4 57.Rxg4 Kxg4
58.c7 g1=Q 59.c8=Q+ Kf3 60.Qf5+ Ke2 61.Qe6+ Kd2 62.Qd7+ Ke2 63.a7 Qg5+ 64.Ka4 Qf4+
65.Ka5 Qe4 66.Qb5+ Kf2 67.Qc5+ Ke2 68.Qb4 Qf3 69.Qb5+ Kf2 70.Qb6+ Kf1 71.Qa6+  1-0

[Event "2nd Mayors Cup"]
[Site "Mumbai IND"]
[Date "2009.05.01"]
[Round "1"]
[White "Miroshnichenko,E"]
[Black "Leuva,P"]
[Result "1-0"]
[WhiteElo "2680"]
[BlackElo "1814"]

1.d4 Nf6 2.Bg5 e6 3.Nf3 Be7 4.e3 d5 5.c4 Nbd7 6.Nc3 c6 7.Qc2 dxc4 8.Bxc4 b5
9.Bd3 Bb7 10.O-O Rc8 11.Ne5 a6 12.Nxd7 Qxd7  1-0

[Event "84th ch-ARG Semifinal"]
[Site "La Plata ARG"]
[Date "2009.05.05"]
[Round "8"]
[White "Meza,Hu"]
[Black "Gimenez,S"]
[Result "1/2-1/2"]
[WhiteElo "2318"]
[BlackElo "2112"]

1.d4 Nf6 2.Bg5 e6 3.e4 h6 4.Bxf6 Qxf6 5.Nc3 Bb4 6.Qd2 c5 7.a3 Bxc3 8.bxc3 d6
9.Nf3 Nd7 10.Bb5 Qe7 11.e5 O-O 12.O-O Rd8 13.exd6 Qxd6 14.Qe3 cxd4 15.cxd4 b6
16.Bd3 Bb7 17.c3 Rac8 18.a4 Bxf3 19.Qxf3 Ne5 20.Qe4 Nxd3 21.Qxd3 e5  1/2-1/2

[Event "III Open"]
[Site "La Laguna ESP"]
[Date "2009.05.06"]
[Round "3"]
[White "Perez Martin,N"]
[Black "Machin Arbelo,P"]
[Result "0-1"]
[WhiteElo "1517"]
[BlackElo "2040"]

1.d4 Nf6 2.Bg5 e6 3.Bxf6 Qxf6 4.e4 c5 5.e5 Qh4 6.Nf3 Qe4+ 7.Be2 cxd4 8.O-O Nc6
9.Nbd2 Qd5 10.Nb3 Nxe5 11.Nxe5 Qxe5 12.Nxd4 Bc5 13.c3 Bxd4 14.cxd4 Qf6 15.Re1 O-O
16.Bf3 Rb8 17.Rc1 Qf4 18.Qd3 b6 19.Be4 f5 20.Bf3 Bb7 21.Bxb7 Rxb7 22.d5 Qd6
23.Rc3 Re8 24.Qf3 Rc7 25.Rd3 Qb4 26.Rde3 Qxb2 27.a3 Rc1 28.Qe2 Qxe2 29.Rxe2 Rxe1+
30.Rxe1 Kf7 31.dxe6+ Rxe6 32.Rc1 Rc6  0-1

[Event "84th ch-ARG Semifinal"]
[Site "La Plata ARG"]
[Date "2009.05.06"]
[Round "9"]
[White "Giampa,A"]
[Black "Orsini,A"]
[Result "1/2-1/2"]
[WhiteElo "2237"]
[BlackElo "2352"]

1.d4 Nf6 2.Bg5 e6 3.e3 c5 4.c3 b6 5.Qf3 Nc6 6.Bxf6 Qxf6 7.Qxf6 gxf6 8.g3 Rb8
9.Bg2 f5 10.Nf3 Ba6 11.Nbd2 Bg7 12.Bf1 Bxf1 13.Kxf1 d5 14.Kg2 Ke7 15.Rhc1 Rhc8
16.Kf1 a5 17.a4 Rc7 18.Ke2 Bf6 19.Kd3 Kd6 20.Ke2 Ke7 21.Kd3 Kd6 22.Ke2 Rbc8
23.Rd1 Ke7 24.Nb3 Rb8 25.Nbd2 Bg7 26.Nb1 b5 27.axb5 Rxb5 28.Ra2 Rcb7 29.Rd2 c4
30.Kd1 Kd6 31.Kc2 Rb3 32.Rd1 Bf6 33.Nbd2 R3b5 34.Rb1 h6 35.b3 cxb3+ 36.Rxb3 Bd8
37.Ne1 Nb8 38.Nd3 Nd7 39.Rxb5 Rxb5 40.c4 Rb7 41.c5+ Kc6 42.Ra1 Bc7 43.h3 Rb8
44.g4 fxg4 45.hxg4 Rg8 46.f3 Bd8 47.Rh1 Bg5 48.f4 Bf6 49.Nf2 Bg7 50.Rb1 Rb8
51.Ra1 Ra8 52.Nd3 Ra7 53.Kb3 Kb5 54.Nb1 a4+ 55.Kc3 Nf6 56.Nf2 Nd7 57.Nd3 Nf6
58.Nf2 Nd7 59.Nd3 Rc7 60.Na3+ Ka5 61.Ne5 Nxe5 62.fxe5 Rxc5+ 63.Kd3 Rc7 64.Rb1 Bf8
65.Nc2 Be7 66.Rb8 Ka6 67.Rd8 Ra7 68.Rb8 Ka5 69.Kc3 Rc7+ 70.Kd3 Ka6 71.Ra8+ Ra7
72.Rb8 a3 73.Kc3  1/2-1/2

[Event "CICC Open"]
[Site "Calgary CAN"]
[Date "2009.05.15"]
[Round "2"]
[White "Kazmaier,D"]
[Black "Haessel,D"]
[Result "1-0"]
[WhiteElo "2135"]
[BlackElo "2203"]

1.d4 Nf6 2.Bg5 e6 3.Nd2 c5 4.e3 cxd4 5.exd4 Be7 6.Ngf3 b6 7.Bd3 Bb7 8.O-O O-O
9.c3 d6 10.Re1 Nbd7 11.a4 h6 12.Bh4 g5 13.Bg3 g4 14.Nh4 h5 15.Qe2 Nd5 16.Ng6 fxg6
17.Qxe6+ Kh8 18.Qxg6 N7f6 19.Re5 dxe5 20.Bxe5 Rf7 21.Qxf7 Qg8 22.Qxe7  1-0